Divine light: (Record no. 11337)
[ view plain ]
| 000 -LEADER | |
|---|---|
| fixed length control field | 00694 a2200217 4500 |
| 010 ## - LIBRARY OF CONGRESS CONTROL NUMBER | |
| LC control number | ENG-89781 |
| 020 ## - INTERNATIONAL STANDARD BOOK NUMBER | |
| International Standard Book Number | 8172762585 |
| Terms of availability | 125.00 |
| 035 ## - SYSTEM CONTROL NUMBER | |
| System control number | EN-73314 |
| 037 ## - SOURCE OF ACQUISITION | |
| Source of stock number/acquisition | DBAD / PUB |
| 082 14 - DEWEY DECIMAL CLASSIFICATION NUMBER | |
| Classification number | 181.4 |
| 090 ## - LOCALLY ASSIGNED LC-TYPE CALL NUMBER (OCLC); LOCAL CALL NUMBER (OCLC) | |
| -- | 11656 |
| -- | 11656 |
| 100 1# - MAIN ENTRY--PERSONAL NAME | |
| Personal name | Rathnam, P.V. |
| 245 1# - TITLE STATEMENT | |
| Title | Divine light: |
| Remainder of title | a father's letters/ |
| Statement of responsibility, etc | by P.V. Rathnam |
| 250 ## - EDITION STATEMENT | |
| Edition statement | 2nd ed. |
| 260 ## - PUBLICATION, DISTRIBUTION, ETC. (IMPRINT) | |
| Place of publication, distribution, etc | Mumbai : |
| Name of publisher, distributor, etc | Bharatiya Vidya Bhavan |
| Date of publication, distribution, etc | 2007 |
| 270 ## - ADDRESS | |
| Address | Kulapati K.M. Munshi Marg, |
| City | Mumbai |
| State or province | Mumbai |
| Postal code | 400 007 |
| 300 ## - PHYSICAL DESCRIPTION | |
| Extent | x, 179p. |
| Dimensions | 22 cm (pbk) |
| 490 ## - SERIES STATEMENT | |
| Series statement | Bhavan's Book University |
| 942 ## - ADDED ENTRY ELEMENTS (KOHA) | |
| Institution code [OBSOLETE] | dpl |
| Koha item type | English Books |
| Call number prefix | 181.4 / RAT |
| Withdrawn status | Lost status | Source of classification or shelving scheme | Damaged status | Not for loan | Collection code | Home library | Current library | Source of acquisition | Cost, normal purchase price | Total Checkouts | Full call number | Barcode | Date last seen | Copy number | Uniform Resource Identifier | Cost, replacement price | Price effective from | Koha item type |
|---|---|---|---|---|---|---|---|---|---|---|---|---|---|---|---|---|---|---|
| Dewey Decimal Classification | Not For Loan | Non-fiction | D.B.Act.Division | D.B.Act.Division | DBAD/PUB | 125.00 | 181.4 RAT | EN-73314 | 15/09/2008 | 1 | 12448 | 125.00 | 15/09/2008 | English Books |
